Statistics for Countries Named After People

Click here to take the quiz!

General Stats

  • This quiz has been taken 26 times
  • The average score is 13 of 26

Answer Stats

Answer% Correct
Saint Kitts and Nevis
84%
Saint Lucia
84%
Saint Vincent and the Grenadines
84%
Bolivia
80%
Colombia
76%
Marshall Islands
72%
United States
72%
El Salvador
64%
Jordan
60%
Philippines
56%
Saudi Arabia
56%
Dominican Republic
52%
San Marino
52%
Mauritius
48%
Georgia
44%
Kiribati
36%
Nicaragua
36%
Peru
36%
Venezuela
36%
São Tomé and Príncipe
32%
Seychelles
32%
Eswatini
28%
Azerbaijan
20%
Senegal
20%
Uzbekistan
12%
Mozambique
8%

Score Distribution

Percentile by Number Answered

Percent of People with Each Score

Your Score History

You have not taken this quiz